000 00982nac a22002657a 4500
001 BR7906586
003 BR-BrBNA
005 20240105114521.0
008 230509b bl.|||m| |||| 00| 0 por d
040 _aBR-BrBNA
_bpor
_cBiblioteca Nacional de Agricultura
072 _aA00; F00
090 _a1126 BR7906586
100 1 _aSouza, M.H. de
100 1 _aFernandes, H.M.V.R.
100 1 _aSouza, M. da P.N. de (comps.)
110 1 _aCentro Nacional de Pesquisa de Mandioca e Fruticultura, Cruz das Almas, BA (Brasil). Setor de Informacao e Documentacao
_91788
245 1 _aBibliografia de abacaxi (Ananas comosus (L.)Merril)
260 3 _aCruz das Almas, BA (Brasil):
_c1979.
300 _a29 p.
490 _aLista Bibliografica - Centro Nacional de Pesquisa de Mandioca e Fruticultura. Setor de Informacao e Documentacao (Brazil)
_vno. 4
_x
650 _aAbacaxi
650 _aBibliografia
909 _a202312
_bLúcia Elande
_c55
_dLúcia Elande
942 _2AGRIS
_n0
_cMS
999 _c269797
_d269797